000 01093nam0a22002891 4500
001 rc\4678860
005 20130416205140.2
021 _aRU
_bРг4513-64
035 _a(NLR Aleph) 008423955
090 _a9374669
_c9374669
100 _a20130416d1964 |||y0rusy50 ca
101 0 _arus
102 _aRU
105 _aa c |||||
200 1 _aПолуянов, Иван Дмитриевич
_e[Краткий рек. указатель]
_fВологодская обл. б-ка им. И.В. Бабушкина
210 _aВологда
_cБ. и.
_d1964
215 _a[8] с.
_cил.
_d20
225 1 _aВологодские писатели детям
300 _aВ вып. дан. сост.: Пакшина Т.М.
702 1 _aПакшина
_bТ. М.
_4220
702 1 _aПолуянов
_bИ. Д.
_gИван Дмитриевич
_4570
712 0 2 _aВологодская областная библиотека им. И.В. Бабушкина
_3RU\NLR\AUTH\8813341
801 0 _aRU
_bNLR
_gpsbo
801 1 _aRU
_bELAR
_2rusmarc
852 _aNLR
_j641/П-53
942 _cBOOK
980 _aNB